00416nam a2200145Ia 4500003000400000008004100004040001600045082001300061100002200074245006600096260004600162300001100208650002100219650003000240GCL140319s9999 xx 000 0 eng d aGCL / cGCL04a612bG T1 aGUYTON, ARTHUR C.10aTEXTBOOK OF MEDICAL PHYSIOLOGYM, 8TH ED / cGUYTON, ARTHUR C. a[S.N] : bW.B. SAUNDERS COMPANY ، c1991 a1014 P04aHUMAN PHYSIOLOGY04aPHYSIOLOGY - PATHOLOGICAL